Performing Israel's faith : (Record no. 8504)

MARC details
000 -LEADER
fixed length control field 00958nam a22002297a 4500
003 - CONTROL NUMBER IDENTIFIER
control field GBCCL
005 - DATE AND TIME OF LATEST TRANSACTION
control field 20241126110652.0
008 - FIXED-LENGTH DATA ELEMENTS--GENERAL INFORMATION
fixed length control field 210310b ||||| |||| 00| 0 eng d
020 ## - INTERNATIONAL STANDARD BOOK NUMBER
International Standard Book Number 1932792252 (pbk. : alk. paper)
040 ## - CATALOGING SOURCE
Transcribing agency gbc
082 ## - DEWEY DECIMAL CLASSIFICATION NUMBER
Classification number 296.3
Item number NEU
100 ## - MAIN ENTRY--PERSONAL NAME
Personal name Neusner, Jacob,
Dates associated with a name 1932-2016.
9 (RLIN) 14944
245 ## - TITLE STATEMENT
Title Performing Israel's faith :
Remainder of title narrative and law in rabbinic law /
Statement of responsibility, etc. Jacob Neusner.
260 ## - PUBLICATION, DISTRIBUTION, ETC.
Place of publication, distribution, etc. Waco, Tex., USA :
Name of publisher, distributor, etc. Baylor University Press,
Date of publication, distribution, etc. c2005.
300 ## - PHYSICAL DESCRIPTION
Extent viii, 230 p. ;
Other physical details 23 cm.
505 ## - FORMATTED CONTENTS NOTE
Formatted contents note The aggadic theology of the nations -- The halakhic theology of idolatry -- The aggadic theology of sin, repentance, and atonement -- The halakhic theology of atonement -- Law and theology, halakhah and aggadah.
650 ## - SUBJECT ADDED ENTRY--TOPICAL TERM
Topical term or geographic name entry element Covenants
Form subdivision Religious aspects
Geographic subdivision Judaism.
9 (RLIN) 14945
650 ## - SUBJECT ADDED ENTRY--TOPICAL TERM
Topical term or geographic name entry element Gentiles in rabbinical literature.
9 (RLIN) 14946
650 ## - SUBJECT ADDED ENTRY--TOPICAL TERM
Topical term or geographic name entry element Atonement. (Judaism)
9 (RLIN) 14947
650 ## - SUBJECT ADDED ENTRY--TOPICAL TERM
Topical term or geographic name entry element Jewish law.
9 (RLIN) 14948
942 ## - ADDED ENTRY ELEMENTS (KOHA)
Source of classification or shelving scheme Dewey Decimal Classification
Koha item type Books
Holdings
Withdrawn status Lost status Source of classification or shelving scheme Damaged status Not for loan Home library Current Library Shelving location Date acquired Total checkouts Full call number Barcode Date last seen Copy number Price effective from Koha item type
    Dewey Decimal Classification     GRACE BIBLE COLLEGE GRACE BIBLE COLLEGE Philosophy and Religion 2021-03-10   296.3 NEU 020146 2025-05-01 c.1 2021-03-10 Books
© Grace Bible College Library 2025